SAP materials management : (Record no. 36225)

MARC details
000 -LEADER
fixed length control field 00986nam a22002537a 4500
005 - DATE AND TIME OF LATEST TRANSACTION
control field 20100519153427.0
008 - FIXED-LENGTH DATA ELEMENTS--GENERAL INFORMATION
fixed length control field 100519t xxu||||| |||| 00| 0 eng d
010 ## - LCCN (DPL NO)
LC control number ENG-96108
020 ## - INTERNATIONAL STANDARD BOOK NUMBER
International Standard Book Number 9780070144460
Terms of availability 495.00
020 ## - INTERNATIONAL STANDARD BOOK NUMBER
International Standard Book Number 007014446-X
Terms of availability 495.00
035 ## - SYSTEM CONTROL NUMBER
System control number EN-79641
037 ## - SOURCE OF ACQUISITION
Source of stock number/acquisition DBAD / PUB
040 ## - CATALOGING SOURCE
Original cataloging agency DPL
Language of cataloging Eng
082 ## - DEWEY DECIMAL CLASSIFICATION NUMBER
Classification number 658.7870285
100 ## - MAIN ENTRY--PERSONAL NAME
Personal name Shukla, Mukesh
9 (RLIN) 20285
245 ## - TITLE STATEMENT
Title SAP materials management :
Statement of responsibility, etc by Mukesh Shukla
Remainder of title managing sourcing, procurement and inventory with SAP /
260 ## - PUBLICATION, DISTRIBUTION, ETC. (IMPRINT)
Place of publication, distribution, etc New Delhi
Name of publisher, distributor, etc Tata McGrow Hill Education
Date of publication, distribution, etc 2010
270 ## - ADDRESS
Address 7 West Patel Nagar,
City New Delhi
Postal code 110008
300 ## - PHYSICAL DESCRIPTION
Extent viii,231p.:
Dimensions 24cm (pbk)
Accompanying material 1 CD-ROM
Other physical details ill.
650 ## - SUBJECT ADDED ENTRY--TOPICAL TERM
Topical term or geographic name as entry element Inventory Control
9 (RLIN) 20286
650 ## - SUBJECT ADDED ENTRY--TOPICAL TERM
Topical term or geographic name as entry element Material Management
9 (RLIN) 20287
942 ## - ADDED ENTRY ELEMENTS (KOHA)
Source of classification or shelving scheme Dewey Decimal Classification
Item type English Books
Call number suffix SHU
Classification part 658.7870285
Holdings
Withdrawn status Lost status Source of classification or shelving scheme Damaged status Not for loan Collection code Home library Current library Date acquired Source of acquisition Cost, normal purchase price Total Checkouts Full call number Barcode Date last seen Copy number Cost, replacement price Koha item type
    Dewey Decimal Classification   Not For Loan Non-fiction D.B.Act.Division D.B.Act.Division 13/04/2010 DBAD / PUB 495.00   658.7870285 SHU EN-79641 19/05/2010 1 495.00 English Books

© Delhi Public Library
Hit Counter
free hit counter